000
00249nam a2200097Ia 4500
001
690027
005
20250826161808.0
008
250824s9999 xx 000 0 und d
245
0
_a
ESKİCİ VE OĞULLARI/O.KEMAL/EVEREST
_c
ORHAN KEMAL
260
_b
EVEREST
999
_c
690027
_d
690027